000 01477nam a2200361 c 4500
003 BLK
005 20250331141633.0
008 180408b bul|||||r ||||||| ||bul||
010 _aKNG00084516000
020 _a978-954-528-793-0
_bиздат.: Труд
040 _aBLK
041 _aBUL
_cBUL
080 _aХоландска литература в Белгия
_b821.112.5(493)
_x-312.4
_z821.112.5(493)-312.4
100 1 _aХюлик, Робърт ван
_eпърви автор
_9252618
700 1 _aГруева, Мария
_eпрев. от англ.
_9364080
139 _aХюлик, Робърт ван
_bХ 98
245 1 0 _aЛабиринтът на съдията Ди
_cРобърт ван Хюлик; прев. от англ. Мария Груева.
245 1 0 _aДи Гунан
_b
_c
245 1 0 _aЗлатното божество
_b
_c
245 1 0 _aЗагадката на лабиринта
_b
_c
257 _aNLD
260 София
_bТруд
_c2008
_fСофия : Д. Благоев
300 _a495 с.
_bс ил.
_c24 см
380 _aX
490 1 _aКитайски загадки
500 _aОриг. загл. De Goong an : An Ancient chinese detective story ; The Chinese Maze Murders ; The Chinese Gold Murders / Robert van Guilik
852 _aЦб 240562
856 4 _qpdf
_u
856 4 _qpdf
_u
942 _cKNG
_n0
_018
944 _aCR
_c17.07.2008
_k30576
_lЦветомила Тодорова
944 _aED
_c21.05.2009
_k
999 _c80032
_d80032